Analýza a prognóza makroekonomického vývoje v ČR v r. 1995-1997. 1

Charakteristika hospodárskeho vývoja ČR v r. 1995-1997. Výsledky analýzy a prognózy makroekonomického vývoja ČR. Reálna ekonomika, hrubý domáci produkt. Odvetvová tvorba zdrojov. Miera investícií. Zahraničný obchod. Analýza nadväzuje na predchádzajúcu štúdiu Českého štatistického úradu z októbra 199...

Descrizione completa

Salvato in:
Dettagli Bibliografici
Autore principale: Šujan, I.
Natura: Capitolo di libro
Lingua:ceco
Soggetti:
Tags: Aggiungi Tag
Nessun Tag, puoi essere il primo ad aggiungerne!!

MARC

LEADER 00000naa a2200000 4500
001 r022574
005 20230418123601.8
041 0 |a cze 
044 |a CZ 
245 1 0 |a Analýza a prognóza makroekonomického vývoje v ČR v r. 1995-1997. 1  |c I. Šujan 
520 |a Charakteristika hospodárskeho vývoja ČR v r. 1995-1997. Výsledky analýzy a prognózy makroekonomického vývoja ČR. Reálna ekonomika, hrubý domáci produkt. Odvetvová tvorba zdrojov. Miera investícií. Zahraničný obchod. Analýza nadväzuje na predchádzajúcu štúdiu Českého štatistického úradu z októbra 1995. 
610 2 0 |a štúdie 
610 2 0 |a ČSÚ Praha 
610 2 0 |a vývoj hospodársky 
610 2 0 |a Česko 
610 2 0 |a rast hospodársky 
610 2 0 |a makroekonomika 
610 2 0 |a prognózy hospodárske 
610 2 0 |a 1995-1997 
610 2 0 |a ukazovatele ekonomické 
610 2 0 |a produkt domáci hrubý 
610 2 0 |a investície 
610 2 0 |a obchod zahraničný 
100 1 |a Šujan, I.